<?xml version="1.0" encoding="UTF-8"?><?xml-stylesheet type="text/xsl" href="static/style.xsl"?><OAI-PMH xmlns="http://www.openarchives.org/OAI/2.0/" xmlns:xsi="http://www.w3.org/2001/XMLSchema-instance" xsi:schemaLocation="http://www.openarchives.org/OAI/2.0/ http://www.openarchives.org/OAI/2.0/OAI-PMH.xsd"><responseDate>2026-04-17T21:31:59Z</responseDate><request verb="GetRecord" identifier="oai:www.recercat.cat:20.500.12694/7172" metadataPrefix="marc">https://recercat.cat/oai/request</request><GetRecord><record><header><identifier>oai:recercat.cat:20.500.12694/7172</identifier><datestamp>2025-12-18T12:09:22Z</datestamp><setSpec>com_2072_179042</setSpec><setSpec>col_2072_484474</setSpec></header><metadata><record xmlns="http://www.loc.gov/MARC21/slim" xmlns:dcterms="http://purl.org/dc/terms/" xmlns:xsi="http://www.w3.org/2001/XMLSchema-instance" xmlns:doc="http://www.lyncode.com/xoai" xsi:schemaLocation="http://www.loc.gov/MARC21/slim http://www.loc.gov/standards/marcxml/schema/MARC21slim.xsd">
   <leader>00925njm 22002777a 4500</leader>
   <datafield ind2=" " ind1=" " tag="042">
      <subfield code="a">dc</subfield>
   </datafield>
   <datafield ind2=" " ind1=" " tag="720">
      <subfield code="a">Vives Llimona, Aleix</subfield>
      <subfield code="e">author</subfield>
   </datafield>
   <datafield ind2=" " ind1=" " tag="260">
      <subfield code="c">2019-06</subfield>
   </datafield>
   <datafield ind2=" " ind1=" " tag="520">
      <subfield code="a">“Aportacions tímbricas de la guitarra elèctrica en un context orquestral” és un recorregut per la història de la guitarra elèctrica des dels seus orígens fins a l'actualitat, a través de les revolucions tecnològiques i socials que han marcat la seva evolució des del segle XX. També és una anàlisi sobre l'estat de la guitarra elèctrica dins del repertori de música contemporània i una descripció possible de quines podrien ser les seves diverses aportacions en aquest àmbit. Paral·lelament al recorregut històric, un procés d'exploració sonora i de llenguatge amb l'instrument ha desembocat en una composició per a guitarra elèctrica i orquestra.</subfield>
   </datafield>
   <datafield ind2=" " ind1=" " tag="520">
      <subfield code="a">“Aportaciones tímbricas de la guitarra eléctrica en un contexto orquestal” es un recorrido por la historia de la guitarra eléctrica desde sus inicios hasta la actualidad, a través de las revoluciones tecnológicas y sociales que han marcado su evolución desde el siglo XX. También es un análisis sobre el estado de la guitarra eléctrica dentro del repertorio de música contemporánea y una descripción posible de cuáles podrían ser sus diversas aportaciones en este ámbito. Paralelamente al recorrido histórico, un proceso de exploración sonora y de lenguaje con el instrumento ha desembocado en una composición para guitarra eléctrica y orquesta.</subfield>
   </datafield>
   <datafield ind2=" " ind1=" " tag="520">
      <subfield code="a">“Timbric Contributions of the Electric Guitar in an Orchestral Context” traces the history of the electric guitar from its origins to the present, highlighting the technological and social revolutions that have shaped its development throughout the 20th century. This study also examines the role of the electric guitar within the contemporary music repertoire and provides a discussion of its potential contributions in this field. Parallel to this historical overview, a process of sonic and expressive exploration with the instrument has culminated in a composition for electric guitar and orchestra.</subfield>
   </datafield>
   <datafield ind1="8" ind2=" " tag="024">
      <subfield code="a">http://hdl.handle.net/20.500.12694/7172</subfield>
   </datafield>
   <datafield tag="653" ind2=" " ind1=" ">
      <subfield code="a">TFG Composició</subfield>
   </datafield>
   <datafield tag="653" ind2=" " ind1=" ">
      <subfield code="a">Guitarra elèctrica--Història i crítica--S. XX</subfield>
   </datafield>
   <datafield tag="653" ind2=" " ind1=" ">
      <subfield code="a">Guitarra elèctrica--Història i crítica--S. XXI</subfield>
   </datafield>
   <datafield tag="653" ind2=" " ind1=" ">
      <subfield code="a">Guitarra elèctrica, Música per a--Anàlisi i apreciació</subfield>
   </datafield>
   <datafield tag="653" ind2=" " ind1=" ">
      <subfield code="a">Concerts (Guitarra elèctrica i orquestra)</subfield>
   </datafield>
   <datafield tag="653" ind2=" " ind1=" ">
      <subfield code="a">Composició musical--S. XXI</subfield>
   </datafield>
   <datafield tag="653" ind2=" " ind1=" ">
      <subfield code="a">Vives Llimona, Aleix. Concerts, guitarra elèctrica, orquestra</subfield>
   </datafield>
   <datafield ind2="0" ind1="0" tag="245">
      <subfield code="a">Aportacions tímbriques de la guitarra elèctrica en un context orquestral: la guitarra elèctrica a la composició contemporània</subfield>
   </datafield>
</record></metadata></record></GetRecord></OAI-PMH>